Northernmost and Southernmost Major Cities of Countries on the World Map - Statistics

General Stats
  • This quiz has been taken 113 times
  • The average score is 82 of 247
Answers on the Map
Answers color-coded by a green-red scale on the quiz's map according to % correct below.
 
Answer Stats
Country City % Correct
United States Seattle
93%
Canada Edmonton
86%
New Zealand Auckland
79%
Ireland Dublin
79%
United Kingdom Glasgow
79%
Australia Melbourne
79%
Portugal Porto
79%
Finland Helsinki
77%
Cuba Havana
76%
Turkey Istanbul
76%
Portugal Lisbon
76%
Russia Saint Petersburg
75%
South Korea Seoul
75%
Australia Brisbane
74%
Ireland Cork
74%
Argentina Buenos Aires
73%
Germany Hamburg
73%
Egypt Cairo
71%
Egypt Alexandria
70%
Greece Athens
70%
Bolivia La Paz
70%
Italy Milan
70%
Tunisia Tunis
70%
Togo Kara
69%
Uruguay Montevideo
69%
Germany Munich
69%
Taiwan Taipei
69%
Mongolia Ulaanbaatar
69%
Paraguay Asunción
68%
Thailand Bangkok
68%
Pakistan Karachi
68%
Haiti Port-au-Prince
68%
Sri Lanka Colombo
67%
France Marseille
67%
Bahamas Nassau
67%
Yemen Sana'a
67%
Guatemala Guatemala City
65%
Vietnam Hanoi
65%
South Africa Johannesburg
65%
Singapore Singapore
65%
Vietnam Ho Chi Minh City
64%
Lebanon | Libya Tripoli
64%
Jordan Amman
63%
China Hong Kong
63%
Democratic Republic of the Congo Kinshasa
63%
Nicaragua Managua
63%
Papua New Guinea Port Moresby
63%
Costa Rica San José
63%
Japan Sapporo
63%
Bangladesh Dhaka
62%
Spain Bilbao
61%
United Arab Emirates Dubai
61%
Kenya Nairobi
61%
Iceland Reykjavik
61%
Belgium Brussels
60%
South Korea Busan
60%
Poland Gdansk
60%
Jamaica Kingston
60%
El Salvador San Salvador
60%
Ghana Accra
58%
Colombia Cali
58%
Uganda Kampala
58%
Kuwait Kuwait City
57%
France Lille
57%
Angola Luanda
57%
Lebanon Beirut
56%
Qatar Doha
56%
Sweden Gothenburg
56%
Mozambique Maputo
56%
United Kingdom Southampton
56%
Argentina Córdoba
55%
Syria Damascus
55%
Switzerland Geneva
54%
Zimbabwe Harare
54%
United States San Juan
54%
Syria Aleppo
52%
Colombia Barranquilla
52%
Zambia Lusaka
52%
Bahrain Manama
52%
South Africa Port Elizabeth
52%
Morocco Tangier
52%
China Harbin
51%
Estonia Tallinn
51%
Albania Tirana
51%
Côte d'Ivoire Abidjan
50%
Mali Bamako
50%
Rwanda Kigali
50%
Togo Lomé
50%
Armenia Yerevan
50%
Brazil Belém
49%
Nigeria Kano
49%
Kosovo Pristina
49%
Liberia Monrovia
48%
Macedonia Skopje
48%
Guinea-Bissau Bissau
46%
Bangladesh Chittagong
46%
Cyprus Nicosia
46%
Mauritius Port Louis
46%
Brazil Porto Alegre
45%
Greece Thessaloniki
45%
Slovenia Ljubljana
44%
Djibouti Djibouti
43%
Myanmar Mandalay
43%
Kenya Mombasa
43%
Montenegro Podgorica
43%
Eritrea Asmara
42%
Burkina Faso Ouagadougou
42%
Mexico Ciudad Juárez
40%
New Zealand Dunedin
40%
Switzerland Basel
39%
Slovakia Bratislava
39%
Spain Las Palmas de Gran Canaria
39%
Croatia Split
39%
Kyrgyzstan Bishkek
38%
Norway Trondheim
38%
Turkey Antalya
37%
Iraq Basra
37%
Italy Catania
36%
Japan Fukuoka
36%
Chile Valparaíso
36%
Yemen Aden
35%
Indonesia Denpasar
33%
Ukraine Sevastopol
33%
Israel Gaza
32%
Nigeria Port Harcourt
32%
Austria Graz
31%
Iraq Mosul
31%
Finland Oulu
31%
Benin Cotonou
30%
Philippines Davao
30%
Israel Haifa
30%
Serbia Novi Sad
30%
Sudan Port Sudan
30%
Denmark Aalborg
29%
Mexico Puebla
29%
Cuba Santiago de Cuba
29%
Austria Linz
26%
Russia Rostov
26%
Indonesia Medan
25%
Morocco Agadir
24%
Denmark Odense
24%
Netherlands Eindhoven
23%
Democratic Republic of the Congo Lubumbashi
23%
Sweden Uppsala
23%
Peru Arequipa
21%
Iran Shiraz
21%
Taiwan Kaohsiung
20%
Netherlands Groningen
19%
Chile Concepción
17%
Tunisia Sfax
17%
Iran Tabriz
17%
Afghanistan Kandahar
15%
Cyprus Limassol
15%
Malawi Blantyre
14%
Romania Constanta
14%
Latvia Daugavpils
14%
Equatorial Guinea Malabo
14%
Bosnia and Herzegovina Mostar
14%
Philippines Angeles
12%
Zimbabwe Bulawayo
12%
Serbia Nis
12%
Republic of the Congo Pointe-Noire
12%
Paraguay Ciudad del Este
11%
Hungary Pecs
11%
Georgia Batumi
10%
Malaysia Kuching
10%
Pakistan Peshawar
10%
Cambodia Siem Reap
10%
India Srinagar
8%
Niger Agadez
7%
Swaziland Manzini
7%
India Madurai
6%
Peru Chiclayo
5%
Canada Kitchener
5%
Hungary Miskolc
5%
Nepal Pokhara
5%
Kosovo Prizren
5%
Oman Salalah
5%
El Salvador San Miguel
5%
Dominican Republic Santiago de los Caballeros
5%
Thailand Chonburi
4%
Venezuela Ciudad Bolivar
4%
Venezuela Coro
4%
Azerbaijan Ganja
4%
Somalia Kismayo
4%
Tanzania Mwanza
4%
Senegal Saint-Louis
4%
Algeria Annaba
2%
Algeria Biskra
2%
Burkina Faso Bobo-Dioulasso
2%
Côte d'Ivoire Bouake
2%
Zambia Kitwe
2%
Ecuador Machala
2%
Uzbekistan Nukus
2%
Haiti Port-de-Paix
2%
Bulgaria Ruse
2%
Poland Rzeszow
2%
Libya Sabha
2%
Romania Satu Mare
2%
Kazakhstan Shymkent
2%
Cambodia Sihanoukville
2%
Madagascar Toliara
2%
Somalia Berbera
1%
Ukraine Chernihiv
1%
North Korea Chongjin
1%
Ecuador Esmeraldas
1%
Honduras La Ceiba
1%
South Sudan Malakal
1%
Afghanistan Mazar-e Sharif
1%
Tanzania Mbeya
1%
Ethiopia Mekele
1%
Kazakhstan Petropavlov
1%
Bolivia Tarija
1%
United Arab Emirates Al Ain
0%
Oman Al Sohar
0%
Nepal Biratnagar
0%
Turkmenistan Dasoguz
0%
Republic of the Congo Dolisie
0%
Cameroon Edea
0%
North Korea Haeju
0%
Jordan Irbid
0%
Benin Kandi
0%
Senegal Kaolack
0%
Sierra Leone Kenema
0%
Saudi Arabia Khamis Mushait
0%
Guinea Kindia
0%
Sudan Kosti
0%
Malaysia Kota Bharu
0%
Azerbaijan Lənkəran
0%
Madagascar Mahajanga
0%
Niger Maradi
0%
Myanmar Mawlamyine
0%
Belarus Mazyr
0%
Cameroon Mokolo
0%
Chad Moundou
0%
Malawi Mzuzu
0%
Mozambique Nacala
0%
Belarus Navapolatsk
0%
Ethiopia Nazret
0%
Angola N'dalatando
0%
Guinea Nzerekore
0%
Dominican Republic San Pedro de Macoris
0%
Saudi Arabia Tabuk
0%
Ghana Tamale
0%
Uzbekistan Tirmiz
0%
Armenia Vanadzor
0%
No matching quizzes found
Score Distribution
Percent of People with Each Score
Percentile by Number Answered
Your Score History
You have not taken this quiz